000
00318nam a2200133Ia 4500
008
231017s9999 xx 000 0 und d
082
_a
624
082
_b
KRA
245
0
_a
Seepage Modeling with SEEP/W: An Engineering Methodology
245
0
_c
John Krahn
260
_b
John Krahn
300
_c
30cm
942
_c
REP
999
_c
604055
_d
604055